Statistics for Countries Containing ''IN''

Click here to take the quiz!

General Stats

  • This quiz has been taken 294 times
    (195 since last reset)
  • The average score is 20 of 29

Answer Stats

IN Country% Correct
India
99%
Indonesia
98%
Finland
88%
United Kingdom
82%
China
81%
Saint Vincent and
the Grenadines
78%
Argentina
77%
Benin
75%
Trinidad and Tobago
72%
Guinea
71%
Singapore
71%
Dominican Republic
70%
Guinea-Bissau
70%
Dominica
69%
Saint Kitts and Nevis
69%
Saint Lucia
69%
Spain
69%
Equatorial Guinea
68%
Bahrain
67%
Papua New Guinea
63%
Philippines
62%
Bosnia and Herzegovina
61%
San Marino
59%
Ukraine
57%
Suriname
54%
Liechtenstein
53%
Eswatini
50%
Burkina Faso
48%
Sao Tome and
Principe
41%

Score Distribution

Percentile by Number Answered

Percent of People with Each Score

Your Score History

You have not taken this quiz since the last reset